000 00302nam a2200133Ia 4500
008 221030s9999 xx 000 0 und d
041 _aEnglish
082 _a105.23
100 _aS. N. Saluja
245 0 _aEngineering Applied Mechanics
_cby S. N. Saluja
260 _c0
650 _aB
942 _cBK
999 _c11626
_d11626